Central Library OPAC University of Rajshahi

The origin of Islam in its Christian environment : (Record no. 32671)

MARC details
000 -LEADER
fixed length control field 01136nam a2200361 4500
001 - CONTROL NUMBER
control field 32671
003 - CONTROL NUMBER IDENTIFIER
rucl marc code BD-RjUL
005 - DATE AND TIME OF LATEST TRANSACTION
control field 20211209051858.0
008 - FIXED-LENGTH DATA ELEMENTS--GENERAL INFORMATION
fixed length control field 140427r19681926enk b 00100 eng
035 ## - SYSTEM CONTROL NUMBER
System control number (BD-RjUL)32761
040 ## - CATALOGING SOURCE
Original cataloging agency DLC
Transcribing agency DLC
Modifying agency BZM
-- BD-RjUL
Language of cataloging eng
041 ## - LANGUAGE CODE
Language code of text/sound track or separate title eng
082 ## - DEWEY DECIMAL CLASSIFICATION NUMBER
Classification number 297
Author mark and year BEO 1968
100 1# - MAIN ENTRY--PERSONAL NAME
Personal name Bell, Richard,
Dates associated with a name b. 1876.
9 (RLIN) 99373
245 14 - TITLE STATEMENT
Title The origin of Islam in its Christian environment :
Remainder of title the Gunning lectures, Edinburgh University 1925 /
Statement of responsibility, etc. Richard Bell
250 ## - EDITION STATEMENT
Edition statement 1st ed., new impression.
260 ## - PUBLICATION, DISTRIBUTION, ETC. (IMPRINT)
Place of publication, distribution, etc. London :
Name of publisher, distributor, etc. Cass,
Date of publication, distribution, etc. 1968.
300 ## - PHYSICAL DESCRIPTION
Pagination vii, 224 p. ;
Size 23 cm.
350 ## - PRICE (NR) (BK AM CF MU VM SE) [OBSOLETE]
Price 55/-
490 1# - SERIES STATEMENT
Series statement Islam and the Muslim world,
Volume/sequential designation no. 10.
Series statement The Gunning lectures,
Volume/sequential designation 1925.
504 ## - BIBLIOGRAPHY, ETC. NOTE
Bibliography, etc Includes index.
650 #0 - SUBJECT ADDED ENTRY--TOPICAL TERM
Topical term or geographic name as entry element Christianity and other religions
General subdivision Islam.
9 (RLIN) 5518
Topical term or geographic name as entry element Islam
General subdivision Origin.
9 (RLIN) 99374
Topical term or geographic name as entry element Islam
General subdivision Relations
-- Christianity.
9 (RLIN) 5519
830 #0 - SERIES ADDED ENTRY--UNIFORM TITLE
Volume number/sequential designation no. 10.
Volume number/sequential designation 1925.
Uniform title Islam and the Muslim world,
Uniform title Gunning lectures,
942 ## - ADDED ENTRY ELEMENTS (KOHA)
Source of classification or shelving scheme Dewey Decimal Classification
Koha item type Books
Holdings
Lost status Source of classification or shelving scheme Damaged status Not for loan Collection code Permanent Location Current Location Shelving location Date acquired Source of acquisition Cost, normal purchase price Total Checkouts Full call number Date last seen Copy number Koha item type
  Dewey Decimal Classification   Not For Loan Non-fiction Central Library, University of Rajshahi Central Library, University of Rajshahi Reading Room 18/10/1971 E.T. Brill 25.00   297 BEO 1968 27/04/2014 C-1 Books